[Event "Landesliga U20 Nord 1415"]
[Site "Bayern"]
[Date "2015.01.24"]
[Round "4.3"]
[White "Drechsel, Simon"]
[Black "Dechant, Johanna"]
[Result "1-0"]
[WhiteElo "1583"]
[BlackElo "1270"]
[PlyCount "97"]
[EventDate "2014.11.15"]
[EventType "team-tourn"]
[EventRounds "7"]
[EventCountry "GER"]
[SourceTitle "EXT 2022"]
[Source "ChessBase"]
[SourceDate "2021.10.06"]
[SourceVersion "1"]
[SourceVersionDate "2021.10.06"]
[SourceQuality "1"]
[WhiteTeam "Neumarkt U20"]
[BlackTeam "Regensburg Bavaria U20 II"]
[WhiteTeamCountry "GER"]
[BlackTeamCountry "GER"]

1. b3 e5 2. Bb2 Nc6 3. e3 Nf6 4. Bb5 Bd6 5. Ne2 a6 6. Bxc6 dxc6 7. d3 0-0 8. Nd2 b5 9. Ng3 Re8 10. e4 Bc5 11. Nf3 Bd6 12. 0-0 Bg4 13. h3 Bd7 14. Nd2 Qe7 15. a3 a5 16. a4 Bc5 17. Nf3 Bd6 18. Nh4 Nxe4 19. Nhf5 Bxf5 20. Nxf5 Qg5 21. dxe4 Bb4 22. Qg4 Qxg4 23. hxg4 Rad8 24. Rfd1 Bc5 25. Kf1 g6 26. Ng3 Bd4 27. Bxd4 Rxd4 28. Rxd4 exd4 29. axb5 cxb5 30. Rxa5 b4 31. Ke2 Rc8 32. Kd3 c5 33. Kc4 Kg7 34. Rxc5 Ra8 35. Kxb4 Ra2 36. g5 h5 37. gxh6+ Kxh6 38. Rc7 Kg7 39. e5 Kf8 40. Rc4 d3 41. cxd3 Rxf2 42. Ne4 Rxg2 43. Kc5 Rb2 44. b4 Ke7 45. Kd5 Rb3 46. d4 Kd7 47. Ng5 Ke7 48. Rc7+ Ke8 49. Kd6 1-0

[Event "Landesliga U20 Nord 1415"]
[Site "Bayern"]
[Date "2015.01.24"]
[Round "5.3"]
[White "Drechsel, Simon"]
[Black "Schindler, Tobias"]
[Result "1/2-1/2"]
[WhiteElo "1583"]
[BlackElo "1853"]
[PlyCount "102"]
[EventDate "2014.11.15"]
[EventType "team-tourn"]
[EventRounds "7"]
[EventCountry "GER"]
[SourceTitle "EXT 2022"]
[Source "ChessBase"]
[SourceDate "2021.10.06"]
[SourceVersion "1"]
[SourceVersionDate "2021.10.06"]
[SourceQuality "1"]
[WhiteTeam "Neumarkt U20"]
[BlackTeam "Kelheim SK U20"]
[WhiteTeamCountry "GER"]
[BlackTeamCountry "GE2"]

1. e4 c6 2. Nf3 d5 3. exd5 cxd5 4. Ne5 Nf6 5. d4 Nc6 6. c3 Bf5 7. Bb5 Qb6 8. Qb3 Rc8 9. Bg5 e6 10. a4 Qc7 11. Nd2 a6 12. Bd3 Bxd3 13. Nxd3 Be7 14. Nf3 0-0 15. 0-0 Na5 16. Qc2 Ne4 17. Bf4 Bd6 18. Bxd6 Qxd6 19. Nc5 Nf6 20. b4 b6 21. Nxa6 Ra8 22. bxa5 Rxa6 23. axb6 Qxb6 24. Rfb1 Qa7 25. Rb4 Rc8 26. Rab1 g6 27. Ng5 Rc7 28. h4 Rac6 29. R1b3 Qa5 30. f3 Kg7 31. Nh3 Ne8 32. Nf2 Nd6 33. Nd3 Nc4 34. Kf2 Qa7 35. Ke2 Na5 36. Ra3 Nc4 37. Rab3 Na5 38. Ne5 Nxb3 39. Nxc6 Qa6+ 40. Kf2 Qxc6 41. Qxb3 Qxc3 42. Qxc3 Rxc3 43. g4 Ra3 44. Kg3 h6 45. Kf4 Kf6 46. g5+ hxg5+ 47. hxg5+ Ke7 48. Rb7+ Kf8 49. Rb4 Ke7 50. Rb7+ Kf8 51. Rb4 Ke7 1/2-1/2

[Event "Landesliga U20 Nord 1415"]
[Site "Bayern"]
[Date "2014.12.13"]
[Round "2.3"]
[White "Kaspar, Florian"]
[Black "Drechsel, Simon"]
[Result "1/2-1/2"]
[WhiteElo "1568"]
[BlackElo "1583"]
[PlyCount "86"]
[EventDate "2014.11.15"]
[EventType "team-tourn"]
[EventRounds "7"]
[EventCountry "GER"]
[SourceTitle "EXT 2022"]
[Source "ChessBase"]
[SourceDate "2021.10.06"]
[SourceVersion "1"]
[SourceVersionDate "2021.10.06"]
[SourceQuality "1"]
[WhiteTeam "Klosterlechfeld U20"]
[BlackTeam "Neumarkt U20"]
[WhiteTeamCountry "GER"]
[BlackTeamCountry "GER"]

1. g3 d5 2. Bg2 Bf5 3. d3 e6 4. Nc3 Bb4 5. Bd2 Nc6 6. e3 Qd7 7. Nge2 Nf6 8. a3 Be7 9. 0-0 e5 10. e4 Bh3 11. Bg5 d4 12. Bxf6 Bxf6 13. Nd5 Bxg2 14. Kxg2 Ne7 15. Nxf6+ gxf6 16. f4 0-0-0 17. f5 h5 18. h4 Ng8 19. Ng1 Nh6 20. Qxh5 Rdg8 21. Qf3 Ng4 22. Rfe1 Ne3+ 23. Rxe3 dxe3 24. Qxe3 Qa4 25. b3 Qa5 26. Kf2 Rd8 27. Ne2 Rd6 28. Ra2 Rc6 29. c4 Rb6 30. Nc1 c5 31. Kf3 Rc6 32. a4 Qc3 33. Qd2 Qd4 34. Qe3 Qd7 35. Rh2 Qe8 36. h5 Qg8 37. g4 Qg5 38. Qxg5 fxg5 39. Ke3 Kc7 40. Na2 Rb6 41. Rb2 a5 42. Nc3 Rbh6 43. Nd5+ Kd6 1/2-1/2

[Event "Landesliga U20 Nord 1314"]
[Site "Bayern"]
[Date "2014.02.15"]
[Round "6.4"]
[White "Krasotin, Valentin"]
[Black "Drechsel, Simon"]
[Result "1-0"]
[WhiteElo "1855"]
[BlackElo "1583"]
[PlyCount "73"]
[EventDate "2013.11.16"]
[EventType "team-tourn"]
[EventRounds "7"]
[EventCountry "GER"]
[SourceTitle "EXT 2022"]
[Source "ChessBase"]
[SourceDate "2021.10.06"]
[SourceVersion "1"]
[SourceVersionDate "2021.10.06"]
[SourceQuality "1"]
[WhiteTeam "Nuernberg Sued SW U20"]
[BlackTeam "Neumarkt U20"]
[WhiteTeamCountry "GER"]
[BlackTeamCountry "GER"]

1. e4 Nf6 2. e5 Nd5 3. c4 Nb6 4. d4 d6 5. f4 dxe5 6. fxe5 c5 7. d5 g6 8. Qe2 Bg7 9. Be3 0-0 10. Bxc5 Bf5 11. Nf3 Bg4 12. Nbd2 N8d7 13. Bd4 Qc7 14. b3 Nxe5 15. Bxe5 Bxe5 16. Qxe5 Qc5 17. Qd4 Qb4 18. Qxg4 Nxd5 19. Be2 Rad8 20. Qe4 f5 21. Qe6+ Kg7 22. cxd5 Qc3 23. Qe5+ Qxe5 24. Nxe5 Rxd5 25. Nef3 e5 26. Bc4 Ra5 27. 0-0 e4 28. Ng5 Rd8 29. Ne6+ Kh6 30. Nxd8 b5 31. Bd5 e3 32. Nf3 b4 33. Bc4 f4 34. Ne6 Re5 35. Nxe5 a5 36. Rf3 e2 37. Rh3# 1-0

[Event "Landesliga U20 Nord 1314"]
[Site "Bayern"]
[Date "2014.01.25"]
[Round "4.3"]
[White "Drechsel, Simon"]
[Black "Roesl, Martin"]
[Result "1/2-1/2"]
[WhiteElo "1583"]
[BlackElo "1557"]
[PlyCount "150"]
[EventDate "2013.11.16"]
[EventType "team-tourn"]
[EventRounds "7"]
[EventCountry "GER"]
[SourceTitle "EXT 2022"]
[Source "ChessBase"]
[SourceDate "2021.10.06"]
[SourceVersion "1"]
[SourceVersionDate "2021.10.06"]
[SourceQuality "1"]
[WhiteTeam "Neumarkt U20"]
[BlackTeam "Regensburg Bavaria U20"]
[WhiteTeamCountry "GER"]
[BlackTeamCountry "GER"]

1. b3 d5 2. Bb2 Nf6 3. e3 g6 4. c4 e6 5. cxd5 exd5 6. Bb5+ c6 7. Qc2 Bg7 8. Bd3 0-0 9. Nc3 Re8 10. Nce2 Nbd7 11. Nf3 Qe7 12. Ng3 Nc5 13. Be2 Nce4 14. d3 Nd6 15. h3 Nf5 16. Nxf5 Bxf5 17. g4 Be6 18. Qc3 Nh5 19. Ne5 Bc8 20. gxh5 Qxe5 21. d4 Qe4 22. 0-0-0 gxh5 23. Rhg1 Bf5 24. Bd3 Qe6 25. Bxf5 Qxf5 26. h4 Qxf2 27. Rg5 Re6 28. Qd3 Qxh4 29. Qf5 Rg6 30. Rxh5 Qg4 31. Qxg4 Rxg4 32. Kd2 Re8 33. Kd3 Rge4 34. Rh3 R4e6 35. Rdh1 h6 36. Ba3 Kh7 37. Rg1 Rg6 38. Rf1 f6 39. Bc5 a6 40. Bb6 Rg2 41. a4 Rg4 42. Bc7 Kg6 43. Rfh1 Rh8 44. Bf4 h5 45. Ke2 f5 46. Kf3 Bf6 47. R3h2 Bg5 48. Be5 Rh7 49. Rh3 Re4 50. Rg1 Rxe3+ 51. Kg2 Rxh3 52. Kxh3 f4 53. Bxf4 Rf7 54. Rxg5+ Kh7 55. Rxh5+ Kg6 56. Rg5+ Kf6 57. Kg4 Ke6 58. Rg6+ Kd7 59. Rd6+ Ke7 60. Rh6 Kd7 61. Rh8 Re7 62. Rb8 Ke6 63. Rd8 Kf7 64. Rb8 Kg6 65. a5 Rh7 66. Be5 Rf7 67. Rg8+ Kh7 68. Rb8 Kg6 69. Rg8+ Kh7 70. Rg5 Kh6 71. Rh5+ Kg6 72. Rg5+ Kh7 73. Rh5+ Kg6 74. Rg5+ Kh7 75. Rh5+ Kg6 1/2-1/2

[Event "Landesliga U20 Nord 1314"]
[Site "Bayern"]
[Date "2013.11.30"]
[Round "3.4"]
[White "Drechsel, Simon"]
[Black "Buzatu, Alexander"]
[Result "1-0"]
[WhiteElo "1583"]
[BlackElo "1723"]
[PlyCount "65"]
[EventDate "2013.11.16"]
[EventType "team-tourn"]
[EventRounds "7"]
[EventCountry "GER"]
[SourceTitle "EXT 2022"]
[Source "ChessBase"]
[SourceDate "2021.10.06"]
[SourceVersion "1"]
[SourceVersionDate "2021.10.06"]
[SourceQuality "1"]
[WhiteTeam "Neumarkt U20"]
[BlackTeam "Erlangen SC U20 II"]
[WhiteTeamCountry "GER"]
[BlackTeamCountry "GER"]

1. b3 d5 2. Bb2 Bf5 3. e3 Nf6 4. Nf3 e6 5. Nd4 Bg6 6. Nc3 a6 7. Be2 c5 8. Nf3 Nbd7 9. d4 Rc8 10. dxc5 Bxc5 11. 0-0 Bb4 12. Nb1 Bxc2 13. Qd4 Bc5 14. Qh4 Bxb1 15. Raxb1 Ne4 16. Qg4 Rg8 17. Rbc1 Ndf6 18. Bxf6 Qxf6 19. b4 Nc3 20. Rxc3 Qxc3 21. bxc5 Qb2 22. Nd4 Rxc5 23. Bd3 Rc1 24. Bxh7 Qa1 25. Bd3 Rxf1+ 26. Bxf1 Qxa2 27. Nxe6 fxe6 28. Qxe6+ Kf8 29. Qc8+ Kf7 30. Qxb7+ Kf6 31. Qc6+ Ke5 32. f4+ Ke4 33. Qe6# 1-0

[Event "Landesliga U20 Nord 1112"]
[Site "Bayern"]
[Date "2012.03.10"]
[Round "7.4"]
[White "Drechsel, Simon"]
[Black "Tong, Kevin"]
[Result "1-0"]
[WhiteElo "1525"]
[BlackElo "1483"]
[PlyCount "111"]
[EventDate "2011.11.12"]
[EventType "team-tourn"]
[EventRounds "7"]
[EventCountry "GER"]
[SourceTitle "EXT 2022"]
[Source "ChessBase"]
[SourceDate "2021.10.06"]
[SourceVersion "1"]
[SourceVersionDate "2021.10.06"]
[SourceQuality "1"]
[WhiteTeam "Neumarkt U20"]
[BlackTeam "Erlangen SC U20"]
[WhiteTeamCountry "GER"]
[BlackTeamCountry "GER"]

1. e4 c5 2. Nf3 Nc6 3. d4 cxd4 4. Nxd4 g6 5. Nc3 Bg7 6. Be3 d6 7. Bc4 Nf6 8. Qd2 Ng4 9. Nxc6 bxc6 10. Bd4 0-0 11. Bxg7 Kxg7 12. 0-0-0 Qb6 13. f3 Ne5 14. Bb3 Ba6 15. f4 Nc4 16. Bxc4 Bxc4 17. g4 Rab8 18. Na4 Qa6 19. b3 Be2 20. Rdg1 Bb5 21. Nc3 Qa3+ 22. Kb1 a5 23. h4 a4 24. h5 axb3 25. cxb3 c5 26. hxg6 fxg6 27. Nxb5 Rxb5 28. Qc3+ e5 29. fxe5 Qb4 30. Qxb4 Rxb4 31. exd6 Rxe4 32. Rc1 Rxg4 33. Rxc5 Rd4 34. Rc7+ Rf7 35. Rxh7+ Kxh7 36. Rxf7+ Kh6 37. Rf6 Kg5 38. Rf1 Rxd6 39. Kc2 Rd4 40. a4 Kh5 41. a5 g5 42. a6 g4 43. a7 Rd8 44. Ra1 Ra8 45. b4 g3 46. b5 g2 47. b6 Kh4 48. Rg1 Kh3 49. b7 Kh2 50. Rxg2+ Kxg2 51. bxa8Q+ Kg3 52. Qe4 Kf2 53. Kd2 Kg3 54. Ke2 Kh3 55. Kf2 Kh2 56. Qg2# 1-0

[Event "Nuremberg Zabo op 13th"]
[Site "Nuremberg"]
[Date "2011.09.17"]
[Round "3"]
[White "Held, Werner"]
[Black "Drechsel, Simon"]
[Result "0-1"]
[WhiteElo "1300"]
[BlackElo "1331"]
[PlyCount "60"]
[EventDate "2011.09.16"]
[EventType "swiss"]
[EventRounds "5"]
[EventCountry "GER"]
[SourceTitle "EXT 2013"]
[Source "ChessBase"]
[SourceDate "2012.11.22"]
[SourceVersion "1"]
[SourceVersionDate "2012.11.22"]
[SourceQuality "1"]

1. e4 Nf6 2. d3 e5 3. Nf3 Nc6 4. b3 d5 5. Nc3 Bb4 6. Bd2 d4 7. Ne2 Bd6 8. c3 Bc5 9. a4 Bg4 10. b4 Bxf3 11. gxf3 dxc3 12. Bxc3 Bxb4 13. Qb3 Bxc3+ 14. Nxc3 Nd4 15. Qd1 Qd7 16. h4 Qc6 17. Rc1 0-0-0 18. Nb5 Qb6 19. Rxc7+ Kb8 20. Rxf7 Qa5+ 21. Qd2 Nxf3+ 22. Ke2 Qxd2+ 23. Kxf3 Qf4+ 24. Ke2 Rxd3 25. Kxd3 Qxe4+ 26. Kc3 Qxh1 27. Bc4 Ne4+ 28. Kb4 Qb1+ 29. Ka5 b6+ 30. Ka6 Nc5# 0-1

[Event "Mittelfranken-ch QT 60th"]
[Site "Buechenbach/Roth"]
[Date "2011.04.22"]
[Round "6"]
[White "Drechsel, Simon"]
[Black "Siegl, Adrian"]
[Result "0-1"]
[WhiteElo "1282"]
[BlackElo "1392"]
[PlyCount "148"]
[EventDate "2011.04.20"]
[EventType "swiss"]
[EventRounds "7"]
[EventCountry "GER"]
[SourceTitle "CBM 142 Extra"]
[Source "ChessBase"]
[SourceDate "2011.06.27"]
[SourceVersion "1"]
[SourceVersionDate "2011.06.27"]
[SourceQuality "1"]

1. Nf3 d5 2. g3 Nf6 3. Bg2 Nc6 4. d3 Bf5 5. 0-0 e6 6. b3 Bc5 7. Bb2 0-0 8. Nbd2 Re8 9. Re1 Nd7 10. e4 dxe4 11. dxe4 Bg4 12. h3 Bxf3 13. Nxf3 Qe7 14. e5 Rad8 15. Qe2 Ba3 16. Bxa3 Qxa3 17. Qb5 Qb4 18. Qxb4 Nxb4 19. Nd4 c5 20. a3 cxd4 21. axb4 Rc8 22. Red1 Rxc2 23. Rxd4 Nxe5 24. Rxa7 Rc3 25. Rxb7 Rxb3 26. b5 g6 27. Re4 Nd3 28. Re3 Rb1+ 29. Bf1 Nc5 30. Rc7 Nb3 31. Kg2 Nd2 32. Be2 Nb3 33. Bd3 Rb2 34. Re2 Rxe2 35. Bxe2 Rb8 36. Bd3 Nd4 37. Rc5 Kg7 38. f4 h6 39. Kf2 Rb6 40. Ke3 Nb3 41. Rc6 Rb7 42. b6 Kf6 43. Ba6 Rb8 44. b7 Na5 45. Rc8 Rxb7 46. Bxb7 Nxb7 47. Kf3 Nd6 48. Rc5 g5 49. fxg5+ hxg5 50. h4 gxh4 51. gxh4 Nf5 52. Rc4 Kg6 53. Rg4+ Kh5 54. Kf4 Nxh4 55. Rg7 Ng6+ 56. Kg3 f5 57. Ra7 Kg5 58. Ra4 e5 59. Ra1 f4+ 60. Kf3 Kf5 61. Kf2 Ne7 62. Rh1 Nd5 63. Kf3 e4+ 64. Kf2 Nf6 65. Rh3 Kg4 66. Ra3 f3 67. Ra6 Nd5 68. Ra4 Kf4 69. Rc4 Ne3 70. Rd4 Ng4+ 71. Ke1 Ke3 72. Rd2 f2+ 73. Kf1 Nh2+ 74. Kg2 f1Q+ 0-1